Loading...
| History - Other History | 3 | 2 | 0 | 1 | 65 | 43 | 73.00 | 1 | 4 |
| History - European History | 2 | 2 | 0 | 0 | 50 | 21 | 54.00 | 2 | 2 |
| Science - Physics | 1 | 4 | 3 | 0 | 40 | 50 | 70.00 | 2 | 5 |
| Fine Arts - Other Fine Arts | 1 | 2 | 0 | 0 | 35 | 50 | 85.33 | 1 | 1 |
| Literature - British Literature | 1 | 1 | 0 | 1 | 25 | 71 | 103.50 | 0 | 0 |
| Social Science | 0 | 2 | 0 | 1 | 20 | 93 | 110.00 | 0 | 2 |
| Literature - European Literature | 1 | 0 | 0 | 0 | 15 | 76 | 76.00 | 0 | 1 |
| Science - Other Science | 1 | 0 | 0 | 0 | 15 | 49 | 49.00 | 1 | 1 |
| Mythology | 0 | 1 | 0 | 0 | 10 | 125 | 125.00 | 1 | 1 |
| Pop Culture | 0 | 1 | 0 | 0 | 10 | 94 | 94.00 | 0 | 1 |
| Geography | 0 | 1 | 0 | 1 | 10 | 109 | 109.00 | 0 | 1 |
| Literature - World Literature | 0 | 1 | 0 | 1 | 10 | 140 | 140.00 | 0 | 0 |
| History - World History | 0 | 1 | 1 | 0 | 5 | 86 | 86.00 | 0 | 1 |
| Religion | 0 | 0 | 0 | 0 | 0 | 0.00 | 0 | 0 | |
| History - American History | 0 | 0 | 0 | 0 | 0 | 0.00 | 0 | 0 |